| 000 | 01361nam a2200385 i 4500 | ||
|---|---|---|---|
| 001 | 13872 | ||
| 003 | KOSZ 005 | ||
| 005 | 20200404141132.0 | ||
| 008 | 071013s1971 pl a f f 001 0 pol | ||
| 015 | _aPB 1971/5998 | ||
| 040 |
_aWA N _cWA N _dKOSZ 005/EG |
||
| 046 | _k1971 | ||
| 080 | _a621.9 | ||
| 080 | _a(075.8) | ||
| 100 | 1 |
_aGórski, Eugeniusz _d(1924-2017) _eAutor |
|
| 245 | 1 | 0 |
_aNarzędzia i oprzyrządowanie narzędziowe : _bautomatyzacja obróbki skrawaniem / _cEugeniusz Górski. |
| 250 | _aWydanie 2. | ||
| 260 |
_aWarszawa : _bWydawnictwa Naukowo-Techniczne, _c1971. |
||
| 300 |
_a284, [2] strony, [2] karty tablic : _bilustracje ; _c23 cm. |
||
| 336 |
_aTekst _btxt _2rdacontent |
||
| 337 |
_aBez urządzenia pośredniczącego _bn _2rdamedia |
||
| 338 |
_aWolumin _bnc _2rdacarrier |
||
| 380 | _aKsiążki. | ||
| 388 | _a1945-1989 | ||
| 490 | 1 | _aBiblioteka Technologa. | |
| 504 | _aBibliografia na stronach 275-[277]. Indeks. | ||
| 658 | _aInżynieria i technika | ||
| 650 | 4 | _aSkrawanie | |
| 655 | 4 | _aPodręczniki akademickie | |
| 650 | 4 | _aNarzędzia skrawające | |
| 710 | 2 |
_aWydawnictwa Naukowo-Techniczne _4pbl. |
|
| 856 |
_uhttp://koha.tu.koszalin.pl/cgi-bin/koha/opac-detail.pl?biblionumber=13872 _yKatalog online BPK |
||
| 830 | 0 | _aBiblioteka Technologa | |
| 942 |
_2UKD _cKS |
||
| 999 |
_c13872 _d13872 |
||